[Event "SVK ECo-C Extraliga 2021-22"]
[Site "Slovakia"]
[Date "2022.03.12"]
[Round "5.4"]
[White "Manik, Mikulas"]
[Black "Tropp, Lukas"]
[Result "1-0"]
[WhiteElo "2357"]
[BlackElo "2148"]
[Annotator "RC"]
[PlyCount "41"]
[EventDate "2021.10.21"]
[EventType "team-tourn"]
[EventCountry "SVK"]
[SourceTitle "playchess.com"]
[Source "ChessBase"]
[SourceQuality "1"]
[TimeControl "40/5400+30:1800+30"]

1. e4 {[%emt 0:02:43]} e5 {[%emt 0:00:05]} 2. Nf3 {[%emt 0:00:12]} Nc6 {[%emt 0:00:05]} 3. Bb5 {[%emt 0:00:09]} f5 {[%emt 0:01:45]} 4. d3 {[%emt 0:04:06]} fxe4 {[%emt 0:00:17]} 5. dxe4 {[%emt 0:00:02]} Nf6 {[%emt 0:00:21]} 6. O-O {[%emt 0:00:11]} Bc5 {[%emt 0:07:09]} 7. Bxc6 {[%emt 0:01:11]} bxc6 {[%emt 0:00:27]} 8. Nxe5 {[%emt 0:00:45]} O-O {[%emt 0:01:21]} 9. Nc3 {[%emt 0:14:07]} Re8 {[%emt 0:06:39]} 10. Bf4 {[%emt 0:15:54]} d6 {[%emt 0:21:42]} 11. Nxc6 {[%emt 0:18:23]} Qd7 {[%emt 0:01:04]} 12. e5 {[%emt 0:03:35]} Qxc6 {[%emt 0:35:53]} 13. exf6 {[%emt 0:00:25]} Bb7 {[%emt 0:04:49]} 14. Qg4 {[%emt 0:00:40]} g6 {[%emt 0:00:05]} 15. Rad1 {[%emt 0:18:50]} Kf7 {[%emt 0:05:29]} 16. Kh1 {[%emt 0:05:27]} h5 {[%emt 0:07:22]} 17. Qg5 {[%emt 0:01:05]} Re6 {[%emt 0:02:51]} 18. Nd5 {[%emt 0:04:09]} Rh8 {[%emt 0:01:03]} 19. Ne7 {[%emt 0:00:19]} Qe4 {[%emt 0:00:47]} 20. f3 {[%emt 0:00:11]} Qxc2 {[%emt 0:00:07]} 21. Rd2 {[%emt 0:00:12]} 1-0

[Event "SVK ECo-C Extraliga 2021-22"]
[Site "Slovakia"]
[Date "2022.03.12"]
[Round "5.4"]
[White "Plachetka, Jan"]
[Black "Fus, Jakub"]
[Result "1-0"]
[WhiteElo "2310"]
[BlackElo "2384"]
[Annotator "TA"]
[PlyCount "97"]
[EventDate "2021.10.21"]
[EventType "team-tourn"]
[EventCountry "SVK"]
[SourceTitle "playchess.com"]
[Source "ChessBase"]
[SourceQuality "1"]

{[%evp 25,97,14,18,8,12,10,6,6,6,6,6,6,6,-11,0,0,0,0,36,49,86,85,146,142,121,112,191,135,140,134,127,12,190,182,179,170,625,525,795,788,1223,846,981,912,974,981,1043,1033,902,569,539,364,504,0,468,455,667,656,682,689,681,680,657,657,573,614,1206,1160,1001,980,804,737,707,629]} 1. d4 Nf6 2. Nf3 d5 3. c4 e6 4. Nc3 Nbd7 5. Bg5 Bb4 6. cxd5 exd5 7. e3 c5 8. Qc2 Qa5 9. Bd3 c4 10. Bf5 O-O 11. O-O Re8 12. Nd2 g6 13. Bh3 Kg7 14. a3 {D38: Queen's Gambit Declined: Ragozin Defence (4 Nf3 Bb4).} Bxc3 15. bxc3 Ne4 16. Nxe4 {The position is equal.} dxe4 17. Bf4 Nb6 ({But not} 17... Nf6 18. Bxc8 Raxc8 19. Be5 $16) 18. Bxc8 Raxc8 19. f3 exf3 20. Rxf3 {e4 is the strong threat.} f5 {Inhibits e4.} 21. Be5+ {[#]} Rxe5 $146 (21... Kg8 $5 {[%cal Rb6d7]}) ({Predecessor:} 21... Kg8 22. e4 fxe4 23. Qxe4 Qd5 24. Qh4 Nd7 25. Rh3 Qf7 26. Bd6 Re6 27. Rf1 Qg7 {1-0 (42) Georgiev,K (2535)-Lalic,B (2440) Sarajevo 1985}) 22. dxe5 Qxe5 23. Rd1 Rc7 {[#]} (23... Re8 $142) 24. Rd4 $1 $16 Re7 25. Qd2 a6 (25... h6 $16 26. g4 fxg4 27. Rxg4 Nd5) 26. Rd6 (26. h4 $18) 26... Na4 27. Rd7 {Hoping for Rxe7+.} Kf8 28. e4 ({White should try} 28. g4 $16 Rxd7 29. Qxd7) 28... Qxe4 {White now steadily converts the win.} (28... Rxd7 $1 $11 {and Black stays safe.} 29. Qxd7 Nxc3) 29. Rxe7 $18 {Chess con chili.} ({And not} 29. Qd6 b5 $11) 29... Qxe7 $11 {[%mdl 4096] Endgame KQR-KQN} 30. Re3 $36 {[%mdl 2048] White is on the roll.} Qc5 (30... Qf6) 31. Kf1 {[#] Threatens to win with Qd8+.} Qb6 {To avoid Qd8+} 32. Re1 {White wants to mate with Qd7.} Qc7 {Inhibits Qd7.} 33. Qd4 {White threatens Qh8+ and mate.} Kg8 {Inhibits Qh8+.} 34. Re8+ Kf7 35. Rh8 Ke6 36. Rf8 Nc5 37. Qxc4+ Ke5 38. Qd4+ Ke6 39. Qc4+ Ke5 40. g3 {Threatening mate with Qf4+. White is clearly winning.} (40. Qd4+ Ke6 41. Rf6+ Ke7) 40... Qe7 (40... Ne6 $142 41. Qxc7+ (41. Qe2+ Kd6 $18) 41... Nxc7) 41. Rf7 $18 Qd6 42. Qf4+ Kd5 43. Qd4+ Kc6 44. Qxd6+ Kxd6 45. Rxh7 g5 46. h4 Ne4 47. hxg5 Nxg5 48. Rxb7 Ne4 49. Kg2 {Weighted Error Value: White=0.43/Black=0.54} 1-0

[Event "SVK ECo-C Extraliga 2021-22"]
[Site "Slovakia"]
[Date "2022.03.12"]
[Round "5.4"]
[White "Turcan, Richard"]
[Black "Pcola, Pavol"]
[Result "0-1"]
[WhiteElo "2287"]
[BlackElo "2379"]
[Annotator "TA"]
[PlyCount "104"]
[EventDate "2021.10.21"]
[EventType "team-tourn"]
[EventCountry "SVK"]
[SourceTitle "playchess.com"]
[Source "ChessBase"]
[SourceQuality "1"]

{[%evp 22,104,68,57,48,29,55,25,43,42,48,14,88,37,34,36,33,52,89,-66,-56,-198,-208,-289,-276,-288,-282,-270,-123,-123,-125,-119,-123,-119,-125,-125,-125,-122,-125,-133,-140,-162,-162,-166,-142,-154,-148,-166,-160,-166,-166,-256,-231,-381,-377,-376,-376,-429,-368,-426,-418,-415,-408,-418,-248,-460,-460,-544,-520,-1106,-1088,-1020,-954,-1497,-1665,-29964,-29965,-29980,-29981,-29981,-29982,-29983,-29983,-29984,-29985]} 1. e4 e6 2. d4 d5 3. Nd2 Nf6 4. e5 Nfd7 5. Bd3 c5 6. c3 Nc6 7. Ne2 cxd4 8. cxd4 f6 9. exf6 Qxf6 10. Nf3 h6 11. O-O Bd6 12. Be3 O-O {C06: French Tarrasch: 3...Nf6 4 e5 Nfd7 5 Bd3 main lines.} 13. Qb3 Rd8 {[#]} 14. Nd2 $146 ({Predecessor:} 14. Ng3 Nf8 15. Rad1 Bd7 16. Bb1 Be8 17. Rfe1 Rac8 18. a3 Na5 19. Qd3 Bg6 20. Qe2 Bxb1 21. Rxb1 {½-½ (41) McCorry,R (2076)-Barnes,L England 2013}) 14... Nb4 {White has an edge.} 15. Bb1 b6 16. Nc3 (16. Bf4 Bxf4 17. Nxf4 Nc6 $15) 16... Bb7 (16... Ba6 $11 {remains equal.}) 17. a3 (17. Nb5 $16 Be7 18. f4) 17... Nc6 $14 (17... Qh4 $2 18. g3 Qh3 19. axb4 $18) 18. Nb5 Bb8 19. Qd3 e5 {Inhibits f4.} 20. Ba2 $2 (20. f3 $6 Nf8 21. Nb3 g6 $11) (20. dxe5 $16 Ndxe5 21. Qh7+ (21. Qc2 g6 $11) 21... Kf8 22. Bd4 Nxd4 23. Nxd4) 20... Kh8 $15 {aiming for ...a6.} 21. Bxd5 ({White should play} 21. f4 $15 e4 22. Qe2) 21... exd4 $19 22. Bxd4 Nxd4 {Dancing on a razor blade.} (22... Nde5 23. Qe4 (23. Bxe5 $2 Nxe5 24. Ne4 Rxd5 $19) 23... Nxd4 24. Bxb7 Nxb5 25. Bxa8 $15) 23. Bxb7 {[#]} Nc5 $1 {[%csl LRb7,LRd3][%mdl 512]} 24. Ne4 Qf4 (24... Nxd3 25. Nxf6 Nxb5 26. Bxa8 $11) (24... Qe7 $19 {and Black stays clearly on top.} 25. Nxc5 Ne2+ 26. Qxe2 Qxe2) 25. g3 $17 Nf3+ ({Resist} 25... Nxd3 26. gxf4 Nxb5 27. Rfd1 $16 (27. Bxa8 Nd4 $16)) 26. Qxf3 Qxf3 27. Nxc5 {Pair of Knights!} Qf5 {[%cal Of5c5]} 28. Bxa8 Qxc5 29. Rad1 Rf8 ({Stronger than} 29... Rxd1 30. Rxd1 Qxb5 31. Rd8+ Kh7 32. Rxb8) 30. Nd4 {[#] Strongly threatening Ne6.} Bxg3 $1 {[%mdl 576] Discovered Attack} 31. hxg3 {Threatens to win with Ne6.} (31. Ne6 Qh5) 31... Rxa8 32. Rd2 Re8 33. Rfd1 Re5 34. Nc2 Kh7 35. Ne3 Qc6 36. Rc2 {[#]} (36. Rd4 $142) 36... Qf3 $1 $19 37. Rdc1 (37. Rd7 {was called for.}) 37... Rxe3 38. fxe3 Qxg3+ {[%mdl 4096] Endgame KQ-KRR} 39. Kf1 Qxe3 40. Rc3 Qf4+ 41. Kg1 h5 {[%cal Bh6h5,Bh5h4][%mdl 32]} 42. R1c2 Kh6 (42... Qd4+ $142 43. Kh2 g5) 43. Rg2 $2 (43. Rd3) 43... Qd4+ 44. Kh1 Qd1+ 45. Rg1 (45. Kh2 $142 Qd6+ 46. Kg1) 45... Qd5+ 46. Rg2 h4 {And now ...g5 would win.} 47. Rc8 g5 {[%cal Bg7g5,Bg5h4][%mdl 32] ( -> ...g4)} 48. Rh8+ Kg6 {Black mates.} 49. Rxh4 {[#]} Qxg2+ $3 {[%mdl 512]} 50. Kxg2 gxh4 51. Kh3 Kg5 52. a4 a5 {Weighted Error Value: White=0.72/Black=0.15 (very precise)} 0-1

[Event "SVK ECo-C Extraliga 2021-22"]
[Site "Slovakia"]
[Date "2022.03.12"]
[Round "5.4"]
[White "Zetocha, Claudiu"]
[Black "Toth, Ervin"]
[Result "1-0"]
[WhiteElo "2287"]
[BlackElo "2436"]
[Annotator "TA"]
[PlyCount "107"]
[EventDate "2021.10.21"]
[EventType "team-tourn"]
[EventCountry "SVK"]
[SourceTitle "playchess.com"]
[Source "ChessBase"]
[SourceQuality "1"]

{[%evp 17,107,4,17,16,14,8,9,-29,-38,-40,-11,-10,14,-3,0,-12,-11,-39,-7,-14,0,0,0,-10,10,0,0,0,0,0,0,0,0,0,0,0,0,-35,0,-28,8,0,0,-10,-7,-15,0,-14,0,0,0,0,0,-97,-7,-7,-7,-7,-7,-41,959,956,936,922,857,722,715,704,977,973,981,976,893,614,864,864,868,856,854,850,1240,1233,1194,1173,2031,1944,6307,6192,6119,6095,2141,1885]} 1. c4 g6 2. g3 Bg7 3. Bg2 d6 4. Nc3 Nf6 5. e4 O-O 6. Nge2 c5 7. O-O Nc6 8. d3 Bd7 9. h3 a6 10. a4 {A36: Symmetrical English vs ...g6: 4 Bg2 Bg7.} Ne8 11. Be3 Nc7 12. Rb1 {The position is equal.} Ne6 {[#]} 13. Nd5 $146 ({Predecessor:} 13. Qd2 Ned4 14. Bh6 Bxh3 15. Bxg7 Kxg7 16. Nf4 Bxg2 17. Kxg2 h6 18. Rh1 Rh8 19. Rh3 {0-1 (38) Nalbaru,M (1001)-Dicu,R (2242) Calimanesti 2014}) 13... Ned4 14. Nxd4 Nxd4 15. Bg5 f6 16. Bd2 e6 17. Ne3 a5 18. f4 f5 19. b3 Kh8 20. Nc2 Qf6 21. Be3 Bc6 22. Nxd4 cxd4 23. Bd2 e5 24. fxe5 dxe5 25. Qe1 Qd8 26. Qe2 Qd7 27. Kh2 Rf7 {[%cal Of5f4]} (27... f4 $5) 28. Rf2 Qc7 (28... f4 $5) 29. Rbf1 {[%cal Re4f5]} Raf8 30. b4 f4 31. b5 Bd7 32. Bc1 Bh6 33. gxf4 exf4 {Threatens to win with ...f3+.} 34. Bf3 Qe5 35. Bb2 {[#]} (35. Rg1 $11) 35... Bg7 (35... Bg5 $1 $17) 36. Rg2 $11 g5 {Hoping for ...Rf6.} 37. Rfg1 $132 {[%mdl 2048] White is not keeping still} Bf6 38. Qf2 {[%cal Og2g5] And now Rxg5! would win.} h5 $2 {[%mdl 8192] [#] Black cannot hold the game after this.} ({Much worse is} 38... Qe6 39. Kh1 $11 (39. Bg4 Qe5 $11)) (38... Rg7 $15) 39. Rxg5 $3 $18 {[%mdl 512] White is clearly winning.} Qxg5 40. Rxg5 Bxg5 41. Bxd4+ Kh7 42. Bc3 Be6 43. Qb6 Re7 44. Qc5 Rg8 45. Be1 {Strongly threatening h4.} b6 46. Qxb6 Rg6 47. Qc5 Rd7 48. Bxh5 Rxd3 49. Bxg6+ Kxg6 50. h4 Rh3+ 51. Kg1 Bf6 52. Qd6 Kf7 53. Qxf4 {Intending e5 and mate.} Kg6 54. Bg3 {Weighted Error Value: White=0.22 (precise) /Black=0.20 (precise)} 1-0

[Event "SVK ECo-C Extraliga 2021-22"]
[Site "Slovakia"]
[Date "2022.03.12"]
[Round "5.5"]
[White "Jurcik, Martin"]
[Black "Nagy, Gabor"]
[Result "0-1"]
[WhiteElo "2391"]
[BlackElo "2530"]
[Annotator "TA"]
[PlyCount "53"]
[EventDate "2021.10.21"]
[EventType "team-tourn"]
[EventCountry "SVK"]
[SourceTitle "playchess.com"]
[Source "ChessBase"]
[SourceQuality "1"]

{[%evp 20,53,24,3,38,42,86,85,71,49,57,63,66,65,77,45,72,-54,-43,-78,-64,-173,-133,-174,-164,-287,-153,-152,-124,-122,-118,-135,-108,-417,-421,-399]} 1. e4 c5 2. Nf3 e6 3. d4 cxd4 4. Nxd4 Nc6 5. Nc3 a6 6. g3 d6 7. Bg2 Bd7 8. a4 Nf6 9. Nb3 Be7 10. O-O O-O 11. f4 Qc7 {B80: Sicilian Scheveningen: 6 g3 and 6 Be3, including English Attack.} 12. g4 {[%cal Bg3g4,Bg4g5][%mdl 32] [#]} Rfc8 $146 (12... d5 $14) ({Predecessor:} 12... Bc8) 13. g5 $16 Ne8 {White is better.} 14. Kh1 Qd8 15. a5 b6 16. axb6 $1 Qxb6 17. f5 Qd8 18. f6 (18. Qg4 $16) 18... gxf6 $15 19. gxf6 Bxf6 20. e5 ({Better is} 20. Rg1 $15 Ne5 21. Rxa6) 20... Nxe5 21. Ne4 {[#]} (21. Bxa8 $17 Rxa8 22. Qe2) 21... Bg7 $1 $19 22. Qh5 (22. Ng3 $142) 22... f6 (22... Rxc2 $19 23. Ng5 Nf6 24. Rxf6 {[#]} Rxc1+ $1 {[%mdl 512]} 25. Rxc1 Bxf6 26. Qxh7+ Kf8 27. Qh6+ Bg7) 23. Nd4 $17 Qe7 24. Ra3 {aiming for Rh3.} d5 25. Ng3 Nd6 26. Qe2 $2 {[%mdl 8192]} (26. Re3 $17 {is more resistant.}) 26... Nb5 $19 27. Ndf5 {Weighted Error Value: White=0.67/Black=0.21 (precise)} 0-1

[Event "SVK ECo-C Extraliga 2021-22"]
[Site "Slovakia"]
[Date "2022.03.12"]
[Round "5.5"]
[White "Motuz, Karol"]
[Black "Karas, Marek"]
[Result "0-1"]
[WhiteElo "2315"]
[BlackElo "2284"]
[Annotator "TA"]
[PlyCount "130"]
[EventDate "2021.10.21"]
[EventType "team-tourn"]
[EventCountry "SVK"]
[SourceTitle "playchess.com"]
[Source "ChessBase"]
[SourceQuality "1"]

{[%evp 9,130,0,0,6,-6,-9,0,-2,-11,-16,-5,-19,13,9,6,9,21,10,18,16,9,0,0,0,55,34,68,64,64,59,63,29,58,-141,-136,-127,-132,-129,-135,-131,-122,-119,-118,-343,-377,-441,-432,-423,-428,-416,-416,-392,-379,-379,-303,-306,-256,-268,-268,-268,-269,-432,-422,-455,-455,-558,-556,-478,-311,-5456,-5193,-3031,-3031,-605,-605,-542,-486,-666,-615,-487,-487,-446,-446,-458,-435,-29966,-29967,-29964,-29962,-29967,-29962,-29976,-29975,-29975,-29972,-29973,-29971,-29973,-29974,-29975,-29976,-29976,-29977,-29979,-29980,-29980,-29980,-29980,-29980,-29982,-29982,-29984,-29982,-29982,-29983,-29983,-29983,-29983,-29984,-29984,-29985,-29985,-29986]} 1. c4 e5 2. a3 Nf6 3. d3 c6 4. Nf3 Bd6 5. g3 O-O 6. Bg2 {A20: English Opening: 1...e5.} Bc7 7. O-O h6 {[#]} 8. Nc3 $146 {The position is equal.} ({Predecessor:} 8. b4 d5 9. cxd5 cxd5 10. Nc3 Nbd7 11. Nd2 Nb6 12. Bb2 a6 13. Rc1 Bd7 14. Ba1 {0-1 (22) Abdisalimov,A (2317)-Tillyaev,U (2292) Tashkent 2018}) 8... d5 9. cxd5 cxd5 10. e4 dxe4 11. dxe4 Nc6 12. Be3 Be6 13. Qa4 Qc8 14. Rfd1 Rd8 {To avoid Nd5} 15. Rxd8+ Bxd8 16. Rd1 Bh3 (16... Ng4 $11) 17. Nd5 Qg4 18. Bxh3 Qxh3 19. Nxf6+ Bxf6 20. Qb3 (20. Qb5 $5 {[%cal Rb5b7]}) 20... Qc8 21. Qd5 $2 (21. Rd5 $14 {keeps the upper hand.}) 21... Qg4 $17 22. Kg2 Rd8 23. Qb3 Rxd1 24. Qxd1 Qxe4 25. Qd7 g5 $36 {[%mdl 2048] White is under strong pressure.} 26. g4 $2 {Now White is beyond hope.} (26. h3 $17) 26... Nd4 $19 27. Qe8+ Kg7 28. Bxd4 {[#] aiming for h3.} Qxg4+ 29. Kf1 Qxf3 ({Avoid the trap} 29... exd4 $2 30. Ne5 Qd1+ 31. Kg2 $19) 30. Bxa7 Qh1+ 31. Ke2 Qe4+ 32. Kf1 Qb1+ 33. Kg2 Qxb2 34. Bc5 Qb3 {White must now prevent ...Qd5+.} 35. Bf8+ $2 (35. Qd7) 35... Kg6 {...Qd5+ is the strong threat.} 36. Qd7 e4 37. Bb4 Qf3+ 38. Kg1 Kg7 {And now ...e3 would win.} 39. Qxb7 $2 (39. Bc5) 39... Bd4 40. Be1 Qg4+ 41. Kf1 Qh3+ 42. Kg1 e3 {( -> ...Qg4+)} 43. Qe4 {Prevents Qg4+.} exf2+ 44. Bxf2 Bxf2+ 45. Kxf2 Qxh2+ {[%mdl 4096] Endgame KQ-KQ} 46. Ke3 Qg3+ 47. Ke2 {[#]} (47. Qf3 $19 Qg1+ 48. Ke2) 47... Qxa3 {Black mates.} 48. Qe5+ Kg8 49. Qf6 Qa2+ 50. Kf3 Qd5+ 51. Kg3 Qd3+ 52. Kg2 Qg6 53. Qd4 Qf5 54. Qc3 Kh7 55. Qd4 h5 {[%cal Bh6h5,Bh5h4][%mdl 32]} 56. Qc3 h4 57. Kg1 Qg4+ 58. Kh1 Qe4+ 59. Kh2 g4 60. Qf6 Qe2+ 61. Kg1 Qe3+ 62. Kg2 Qg3+ 63. Kf1 Qf3+ 64. Qxf3 gxf3 65. Kf2 Kg6 {Weighted Error Value: White=0.58/Black=0.11 (very precise)} 0-1

[Event "SVK ECo-C Extraliga 2021-22"]
[Site "Slovakia"]
[Date "2022.03.12"]
[Round "5.5"]
[White "Krak, Tomas"]
[Black "Hros, Roman"]
[Result "1-0"]
[WhiteElo "2306"]
[BlackElo "2250"]
[Annotator "TA"]
[PlyCount "63"]
[EventDate "2021.10.21"]
[EventType "team-tourn"]
[EventCountry "SVK"]
[SourceTitle "playchess.com"]
[Source "ChessBase"]
[SourceQuality "1"]

{[%evp 25,63,25,66,60,92,85,73,84,85,89,81,91,92,81,131,93,100,51,198,183,220,228,204,12,376,376,989,348,2260,2077,29988,29989,29992,29993,29993,29994,29995,29996,29996,29997]} 1. c4 Nf6 2. Nc3 c5 3. Nf3 Nc6 4. e3 e6 5. a3 d5 6. d4 a6 7. dxc5 Bxc5 8. b4 Ba7 9. Bb2 O-O 10. Qc2 Qe7 11. Rd1 Rd8 12. Be2 dxc4 13. Rxd8+ Qxd8 (13... Nxd8 $11 {was preferrable.} 14. Bxc4 b5) 14. Bxc4 $14 {D40: Queen's Gambit Declined: Semi-Tarrasch with 5 e3.} Bd7 15. Ne4 Nxe4 16. Qxe4 {White is better.} Ne7 17. Ng5 (17. Qxb7 $2 Bc6 18. Qxa6 Bb6 $19) 17... Ng6 {[#]} 18. h4 $146 (18. Qxb7 Rc8 19. Qxa7 (19. Nxe6 Bxe6 20. Bxe6 Rc7 $11) 19... Rxc4 $11) ({Predecessor:} 18. Qg4 Qe7 19. h4 h6 20. Nf3 Rc8 21. Bb3 Qf8 22. h5 Ne7 23. Ne5 Be8 24. Ng6 fxg6 25. Bxe6+ {1-0 (31) Chernin,A (2475)-Rashkovsky,N (2470) Sverdlovsk 1984}) 18... Rc8 (18... Bc6 19. Qg4 Bd5 20. h5 $18) 19. O-O $1 (19. Qxb7 $2 Rxc4 20. Qxa7 Be8 21. Nxf7 Bxf7 $19) ({Much worse is} 19. Qf3 $6 Qe7 20. Bd3 (20. Qxb7 $2 Rxc4 21. Qxa7 Rc2 $19) 20... Bb5 21. Bxb5 axb5 $11) 19... Bb8 (19... Qe7 $142) 20. Bb3 $40 {[%mdl 128] Strongly threatening Rd1. White attacks with force.} Bc6 21. Qg4 Bd5 {[#]} ({Black should play} 21... Qe7 $1 $14) 22. Rd1 $1 $18 Qc7 23. Rxd5 ({Weaker is} 23. Bxd5 Qh2+ 24. Kf1 Rc2 $11) 23... exd5 24. h5 $2 {Active counter play!} (24. g3 $18 Rd8 25. h5) 24... Qh2+ $2 {[%mdl 8192]} (24... Ne7 $2 25. g3 Qd6 {[#]} 26. Nxh7 $1 $18 {[%mdl 512]}) (24... Ne5 $1 $11 {and Black is okay.} 25. Bxe5 (25. Qf5 $2 g6 $19) 25... Qc1+ 26. Kh2 Bxe5+ 27. f4 Bf6 28. Nxf7 Kxf7 29. Bxd5+ Kf8) 25. Kf1 {The board is on fire.} Qh1+ 26. Ke2 Ne7 {[#]} (26... f5 $2 27. Qxf5 $18) (26... Nf4+ 27. Kd2 Re8 28. Nxf7 Qxg2 29. Qxg2 Nxg2) 27. Nxh7 $1 {[%csl Gb2][%cal Rg4g7][%mdl 512]} d4 {[#]} (27... g6 28. hxg6) 28. Bxd4 $1 {[%csl Gd4][%cal Rg4g7] White mates.} g6 (28... Qxg2 29. Qxg2) 29. hxg6 {[%csl Gg6][%cal Rb3f7]} Rc2+ 30. Bxc2 fxg6 31. Qe6+ Kxh7 32. Qxe7+ {Weighted Error Value: White=0.23 (precise) /Black=0.64} 1-0

[Event "SVK ECo-C Extraliga 2021-22"]
[Site "Slovakia"]
[Date "2022.03.12"]
[Round "5.5"]
[White "Urhegyi, Marton"]
[Black "Petran, Peter"]
[Result "1/2-1/2"]
[WhiteElo "2253"]
[BlackElo "2240"]
[Annotator "TA"]
[PlyCount "85"]
[EventDate "2021.10.21"]
[EventType "team-tourn"]
[EventCountry "SVK"]
[SourceTitle "playchess.com"]
[Source "ChessBase"]
[SourceQuality "1"]

{[%evp 9,85,39,47,0,16,-16,12,14,16,11,18,20,7,7,25,18,18,17,21,7,11,21,28,16,13,22,22,15,15,12,13,12,12,12,14,10,14,12,16,9,9,9,12,20,19,11,16,0,0,0,0,0,0,0,0,0,0,0,0,0,0,0,0,0,0,0,0,0,0,0,0,0,0,0,0,0,0,0]} 1. e4 g6 2. Nc3 Bg7 3. Bc4 e6 4. d4 Ne7 5. Nf3 d5 6. Be2 {[#] B06: Modern Defence.} (6. Bb3 $14 {feels stronger.}) 6... Nd7 $146 ({Predecessor:} 6... dxe4 7. Nxe4 f5 8. Nc5 b6 9. Nd3 c5 10. dxc5 bxc5 11. O-O Qb6 12. Be3 Nd7 {1-0 (62) Slettebo,J (1991)-Christensen,T (2357) Copenhagen 2017}) 7. Bg5 Nf6 8. Qd3 O-O 9. h4 {Threatening e5.} Nxe4 10. Nxe4 dxe4 11. Qxe4 h6 12. Bf4 Qd5 13. Qxd5 Nxd5 14. Be5 Rd8 15. O-O-O Bd7 16. c4 Bxe5 {The position is equal.} 17. Nxe5 Nb4 18. a3 (18. h5 {keeps more tension.} g5 19. Kb1 Bc6 20. f3 Be8 21. a3) 18... Nc6 19. Bf3 Nxe5 20. dxe5 Ba4 21. Rd2 (21. Bxb7 $2 Rxd1+ 22. Rxd1 Rb8 $19) 21... Rab8 22. Re1 b6 23. Re3 Kf8 24. b3 Rxd2 25. Kxd2 $11 {[%mdl 4096] Endgame KRB-KRB} Rd8+ 26. Kc3 Be8 27. b4 c5 28. bxc5 bxc5 29. Re2 Rb8 30. Rb2 Rb6 31. Rxb6 axb6 {KB-KB} 32. Be4 f5 33. exf6 {[#] Hoping for g4.} Kf7 34. Kd3 Kxf6 35. Ke3 Ba4 36. Bd3 Bd1 37. g3 Ba4 38. Be4 Bd7 39. Bd3 e5 40. Be2 Bf5 41. Bf3 Bc2 42. Bg2 Bb3 43. Bf1 {A balanced but interesting game.  Weighted Error Value: White=0.05 (flawless) /Black=0.03 (flawless)} 1/2-1/2

[Event "SVK ECo-C Extraliga 2021-22"]
[Site "Slovakia"]
[Date "2022.03.12"]
[Round "5.5"]
[White "Pastir, Stanislav"]
[Black "Nguyen, Piotr"]
[Result "0-1"]
[WhiteElo "2119"]
[BlackElo "2402"]
[Annotator "TA"]
[PlyCount "52"]
[EventDate "2021.10.21"]
[EventType "team-tourn"]
[EventCountry "SVK"]
[SourceTitle "playchess.com"]
[Source "ChessBase"]
[SourceQuality "1"]

{[%evp 9,52,23,52,48,35,38,35,53,29,21,41,20,51,59,98,14,29,28,117,-37,173,51,29,49,59,42,33,-100,-99,-104,-108,-179,-166,-209,-209,-427,-441,-421,-412,-431,-426,-579,-574,-549,-521]} 1. e4 d6 2. d4 g6 3. Nc3 Bg7 4. Be3 a6 5. h4 Nf6 6. h5 {B06: Modern Defence.} Nxh5 7. Rxh5 gxh5 8. Qxh5 {White is slightly better.} e6 {[#]} 9. Nf3 $146 {[%mdl 1024] White has compensation.} ({Predecessor:} 9. e5 d5 10. f4 Nc6 11. Nf3 Kf8 12. g4 f6 13. O-O-O Bd7 14. f5 h6 15. Bd3 {1-0 (35) Petrov,N (2595)-Lee,J (2437) Abu Dhabi 2019}) 9... Nc6 10. O-O-O Qf6 11. e5 Qg6 12. Qh4 (12. Qh2 $1 $16 {Nh4 is the strong threat.} Nb4 13. Rd2) 12... Nb4 $11 {[%csl Gb4][%cal Rg6c2]} 13. Rd2 {And now d5 would win.} Bd7 (13... Nd5 $11 {keeps the balance.}) 14. a3 $2 ({White should play} 14. d5 $1 $16 a5 15. a3) 14... Nc6 (14... Nd5 $15 {keeps the upper hand.}) 15. Bd3 (15. exd6 $18 {[%cal Of3e5] aiming for Ne5!} cxd6 16. Ne4) 15... f5 $1 $14 {[%cal Rd6e5]} ({Weaker is} 15... Qxg2 16. Ng5 h6 17. Nxf7 $1 Kxf7 18. Be4 Qf1+ 19. Rd1 Qxd1+ 20. Kxd1 $18) 16. exf6 Qxf6 17. Bg5 Qf7 18. Ne4 (18. d5 $1 $14 {stays ahead.}) 18... Rf8 $17 {[%cal Oh7h6]} 19. Be3 {[#] Inhibits h6.} h6 {Inhibits Neg5.} 20. Re2 (20. Be2 $17 {was called for.}) 20... Ne7 $19 {[%cal Bc6e7,Be7d5,Bd5e3][%mdl 32]} 21. Qg3 (21. Ng3 {was worth a try.}) 21... O-O-O 22. Nxd6+ $2 (22. Kb1) 22... cxd6 23. Qxd6 Nd5 24. Qc5+ Kb8 {Black is clearly winning.} 25. Ne5 Bxe5 26. dxe5 Nxe3 {Weighted Error Value: White=0.62/Black=0.27 (precise)} 0-1